书目信息 |
| 题名: |
廉洁合规
|
|
| 作者: | 吴秀尧 , 卢雯雯 , 潘国振 编著 | |
| 分册: | ||
| 出版信息: | 广州 广东人民出版社 2022.08 |
|
| 页数: | 343页 | |
| 开本: | 20cm | |
| 丛书名: | ||
| 单 册: | ||
| 中图分类: | D912.114 | |
| 科图分类: | ||
| 主题词: | 法学--部门 | |
| 电子资源: | ||
| ISBN: | 7-218-15894-3 | |
| 000 | 00779nam0 2200229 450 | |
| 001 | 2553003825 | |
| 005 | 20251216144907.93 | |
| 010 | @a7-218-15894-3@dCNY68.00 | |
| 100 | @a20251216d2022 km y0chiy0120 ea | |
| 101 | 0 | @achi |
| 102 | @aCN@b440000 | |
| 200 | 1 | @a廉洁合规@ALian Jie He Gui@e国际标准与中国因应@f吴秀尧,卢雯雯,潘国振编著@FWu Xiu Yao,Lu Wen Wen,Pan Guo Zhen Bian Zhu |
| 210 | @a广州@c广东人民出版社@d2022.08 | |
| 215 | @a343页@d20cm | |
| 517 | 1 | @a国际标准与中国因应@AGuo Ji Biao Zhun Yu Zhong Guo Yin Ying |
| 606 | 0 | @a法学@x部门 |
| 690 | @aD912.114@v4 | |
| 701 | 0 | @a吴秀尧@AWu Xiu Yao@4编著 |
| 701 | 0 | @a卢雯雯@ALu Wen Wen@4编著 |
| 701 | 0 | @a潘国振@APan Guo Zhen@4编著 |
| 801 | 0 | @aCN@b大连网信软件有限公司图书馆·11@c20251216 |
| 905 | @aZUCC@dD912.114@e1001 | |
| 廉洁合规:国际标准与中国因应/吴秀尧,卢雯雯,潘国振编著.-广州:广东人民出版社,2022.08 |
| 343页;20cm |
| ISBN 7-218-15894-3:CNY68.00 |
| ● |
| 相关链接 |
|
|
|
|
正题名:廉洁合规
索取号:D912.114/1001
 
预约/预借
| 序号 | 登录号 | 条形码 | 馆藏地/架位号 | 状态 | 备注 |
| 1 | 1441931 | 214419315 | 第一样本阅览室/ [索取号:D912.114/1001] | 在馆 | |
| 2 | 1441932 | 214419324 | 第一借阅区/ [索取号:D912.114/1001] | 在馆 | |
| 3 | 1441933 | 214419333 | 第一借阅区/ [索取号:D912.114/1001] | 在馆 | |
| 4 | 1441934 | 214419342 | 第一借阅区/ [索取号:D912.114/1001] | 在馆 | |
| 5 | 1441935 | 214419351 | 第一借阅区/ [索取号:D912.114/1001] | 在馆 |